Základy tvorby parkových lesov (a iných rekreačne vužívaných lesov)

Na minha lista:
Detalhes bibliográficos
Main Authors: Supuka, Ján (Author), Vreštiak, Pavol, 1942- (Author)
Formato: Livro
Idioma:eslovaco
Publicado em: Bratislava : Veda, 1984
Edição:1. vyd.
Tags: Adicionar Tag
Sem tags, seja o primeiro a adicionar uma tag!

MARC

LEADER 00000nam a22000003a 4500
001 stu141012
005 20150617225929.0
008 070507s1984----xo------------------slo-d
040 |a STU  |b slo 
041 0 |a slo 
044 |a xo 
080 |a 712.25 
100 1 |a Supuka, Ján  |4 aut 
245 1 |a Základy tvorby parkových lesov (a iných rekreačne vužívaných lesov) 
250 |a 1. vyd. 
260 |a Bratislava :  |b Veda,  |c 1984 
300 |a 226 s 
700 1 |a Vreštiak, Pavol,  |d 1942-  |4 aut  |u A7170  |U FAD Fakulta architektúry  |T FA Ústav krajinnej a záhradnej architektúry  |X 358  |U A7170  |Y 398  |7 A000000358 
996 |b 284V030184  |c V*28014/O-11759  |l VVT  |s A  |a 24  |w stu141012_0001 
996 |b 284V030183  |c V*28015/O-11759a  |l VVS  |s A  |a 24  |w stu141012_0002